• 首页
  • 本馆介绍
  • 公告通知
  • 最新文献
  • 馆藏检索
  • 电子资源
  • 读者导购
  • 参考咨询
  • 我的图书馆
  • 登录
  • 详细信息显示
  • 放入我的书架
  • 预约/预借图书
  • 作者相关作品
  • 分类相关作品
  • 丛书相关作品
  • 出版社相关作品

书目信息

  • 表格格式
  • 工作单格式
  • 卡片格式
题名:
文化与哲学
    
 
作者: 张岱年 著
分册:  
出版信息: 北京   中国人民大学出版社  2009
页数: 323页
开本: 23cm
丛书名: 朗朗书房
单 册:
中图分类: K203-53
科图分类:
主题词: 传统文化--中国--文集 , 哲学史--中国--文集 , 传统文化 , 哲学史
电子资源:
ISBN: 978-7-300-07595-2
000 00963oam2 2200289 45
001 1029456449
005 20100428093552.60
010    @a978-7-300-07595-2@dCNY26.80
100    @a20100426d2009 ekmy0chiy0120 ea
101 0  @achi
102    @aCN@b110000
105    @ay z 000yy
106    @ar
200 1  @a文化与哲学@AWen Hua Yu Zhe Xue@f张岱年著@FZhang Dai Nian Zhu
210    @a北京@c中国人民大学出版社@d2009
215    @a323页@d23cm
225 2  @a朗朗书房@i文化要义丛书@v10
330    @a本书是作者的关于中西文化比较的论文和讲话的合集,主要从哲学思想入手,就中西文化的特点与内容,中国文化的思想基础与基本精神、文化传统与现代化建设等方面展开论述。
462  0 @12001 @a朗朗书房@i文化要义丛书@v10
606 0  @a传统文化@y中国@j文集
606 0  @a哲学史@y中国@j文集
606 0  @a传统文化
606 0  @a哲学史
690    @aK203-53@v4
701  0 @a张岱年@AZhang Dai Nian@4著
801  0 @aCN@bTANGWEI@c20100428
905    @b0595808-12@dK203-53@e130@f5
    
    文化与哲学/张岱年著.-北京:中国人民大学出版社,2009
    323页;23cm.-(朗朗书房.文化要义丛书;10)
    
    
    ISBN 978-7-300-07595-2:CNY26.80
    本书是作者的关于中西文化比较的论文和讲话的合集,主要从哲学思想入手,就中西文化的特点与内容,中国文化的思想基础与基本精神、文化传统与现代化建设等方面展开论述。
●
相关链接 在E读中查询图书 在五车中查询图书 在当当中查询图书 在豆瓣中查询图书


正题名:文化与哲学     索取号:K203-53/130         预约/预借

序号 登录号 条形码 馆藏地/架位号 状态 备注
1 0595808   205958089   第二样本阅览室/ [索取号:K203-53/130] 在馆    
2 0595809   205958098   第二借阅区/ [索取号:K203-53/130] 在馆    
3 0595810   205958105   第二借阅区/ [索取号:K203-53/130] 在馆    
4 0595811   205958114   第二借阅区/ [索取号:K203-53/130] 在馆    
5 0595812   205958123   第二借阅区/ [索取号:K203-53/130] 在馆    
唐山师范学院图书馆 欢迎您!
大连网信软件有限公司© 版权所有